Score 0/24 Timer 04:00
0 Plays Today
% Correct
optimum
93.6%
plethora
93%
commencement
90.8%
paraphernalia
90.4%
examination
89.4%
contusion
88.2%
dissemination
75.4%
prognostication
72.7%
remuneration
72%
facilitation
67.3%
transmogrification
66.7%
discomfiture
66.3%
% Correct
cogitation
65.4%
obfuscation
59.7%
conviviality
54.1%
modality
53.8%
provenance
48.8%
prevarication
38.6%
propinquity
35.7%
lacuna
31.4%
cupidity
30%
amanuensis
28.5%
peregrination
26.8%
animadversion
23.3%
Remove Ads.
Support Sporcle.
Get the best of Sporcle when you Go Orange. This ad-free experience offers more features, more stats, and more fun while also helping to support Sporcle. Thank you for becoming a member.

You're not logged in!

Compare scores with friends on all Sporcle quizzes.
OR
Log In

Show Comments

Extras

Top Quizzes Today


Score Distribution

Your Account Isn't Verified!

In order to create a playlist on Sporcle, you need to verify the email address you used during registration. Go to your Sporcle Settings to finish the process.

Report this User

Report this user for behavior that violates our Community Guidelines.

Details: